Contemporary financial intermediation / (Record no. 22939)
[ view plain ]
| 000 -LEADER | |
|---|---|
| fixed length control field | 01056cam a22003135a 4500 |
| 001 - CONTROL NUMBER | |
| control field | 11653081 |
| 005 - DATE AND TIME OF LATEST TRANSACTION | |
| control field | 20161031120046.0 |
| 008 - FIXED-LENGTH DATA ELEMENTS--GENERAL INFORMATION | |
| fixed length control field | 150129t2016 enka ufrb 001 0 eng dng|d |
| 020 ## - INTERNATIONAL STANDARD BOOK NUMBER | |
| International Standard Book Number | 9780124051966 |
| 040 ## - CATALOGING SOURCE | |
| Original cataloging agency | BIP US |
| Modifying agency | WaSeSS |
| -- | EG-ScBUE |
| Language of cataloging | eng |
| 043 ## - GEOGRAPHIC AREA CODE | |
| Geographic area code | n-us--- |
| 082 04 - DEWEY DECIMAL CLASSIFICATION NUMBER | |
| Classification number | 332.10973 |
| Edition number | 22 |
| Item number | GRE |
| 100 1# - MAIN ENTRY--PERSONAL NAME | |
| Personal name | Greenbaum, Stuart I. |
| 245 10 - TITLE STATEMENT | |
| Title | Contemporary financial intermediation / |
| Remainder of title | Stuart I. Greenbaum, Anjan V. Thakor, Arnoud W. A. Boot. |
| 250 ## - EDITION STATEMENT | |
| Edition statement | 3rd ed. |
| 260 ## - PUBLICATION, DISTRIBUTION, ETC. (IMPRINT) | |
| Place of publication, distribution, etc | London : |
| Name of publisher, distributor, etc | Academic Press / Elsevier, |
| Date of publication, distribution, etc | c.2016. |
| 300 ## - PHYSICAL DESCRIPTION | |
| Extent | xxiii, 466 p. : |
| Other physical details | ill. ; |
| Dimensions | 28 cm. |
| 500 ## - GENERAL NOTE | |
| General note | Includes index. |
| 504 ## - BIBLIOGRAPHY, ETC. NOTE | |
| Bibliography, etc | Includes bibliographical references. |
| 650 #7 - SUBJECT ADDED ENTRY--TOPICAL TERM | |
| Source of heading or term | BUEsh |
| 9 (RLIN) | 13156 |
| Topical term or geographic name as entry element | Banks and banking |
| Geographic subdivision | United States. |
| 650 #7 - SUBJECT ADDED ENTRY--TOPICAL TERM | |
| Source of heading or term | BUEsh |
| 9 (RLIN) | 20012 |
| Topical term or geographic name as entry element | Financial services industry |
| Geographic subdivision | United States. |
| 650 #7 - SUBJECT ADDED ENTRY--TOPICAL TERM | |
| Source of heading or term | BUEsh |
| Topical term or geographic name as entry element | Intermediation (Finance) |
| Geographic subdivision | United States. |
| 651 ## - SUBJECT ADDED ENTRY--GEOGRAPHIC NAME | |
| Source of heading or term | BUEsh |
| 653 ## - INDEX TERM--UNCONTROLLED | |
| Resource For college | BAEPS, Business Administration |
| Arrived date list | October2016 |
| 700 1# - ADDED ENTRY--PERSONAL NAME | |
| Personal name | Thakor, Anjan V. |
| 700 1# - ADDED ENTRY--PERSONAL NAME | |
| Personal name | Boot, Arnoud. |
| 773 #0 - HOST ITEM ENTRY | |
| Title | eBook - Finance 2015 [EBCF15] |
| 942 ## - ADDED ENTRY ELEMENTS (KOHA) | |
| Source of classification or shelving scheme | Dewey Decimal Classification |
| Withdrawn status | Item status | Source of classification or shelving scheme | Damaged status | Not for loan | Vendor | Home library | Current library | Shelving location | Date acquired | Source of acquisition | Cost, normal purchase price | Serial Enumeration / chronology | Total Checkouts | Full call number | Barcode | Date last seen | Cost, replacement price | Koha item type |
|---|---|---|---|---|---|---|---|---|---|---|---|---|---|---|---|---|---|---|
| Dewey Decimal Classification | Baccah | Central Library | Central Library | First floor | 31/10/2016 | Purchase | 1188.00 | 25136 | 332.10973 GRE | 000034610 | 15/07/2025 | 1485.00 | Book - Borrowing |